Billboard #1 Hits of 1968 - Statistics

General Stats
  • This quiz has been taken 33 times
  • The average score is 10 of 15
Answer Stats
Hint Extra Hint Explanation Answer % Correct
Mrs. Robinson 1 Jun (3 wks.) Listen on YouTube Simon & Garfunkel
100%
Hey Jude 28 Sep (9 wks.) Listen on YouTube The Beatles
100%
(Sittin' On) The Dock of the Bay 16 Mar (4 wks.) Listen on YouTube Otis Redding
97%
I Heard It Through the Grapevine 14 Dec (7 wks.) Listen on YouTube Marvin Gaye
93%
Hello, I Love You 3 Aug (2 wks.) Listen on YouTube The Doors
76%
Harper Valley PTA 21 Sep (1 wk.) Listen on YouTube Jeannie C. Riley
69%
Green Tambourine 3 Feb (1 wk.) Listen on YouTube The Lemon Pipers
66%
Tighten Up 18 May (2 wks.) Listen on YouTube Archie Bell & the Drells
62%
Love Child 30 Nov (2 wks.) Listen on YouTube Diana Ross & the Supremes
59%
This Guy's in Love with You 22 Jun (4 wks.) Listen on YouTube Herb Alpert
59%
Grazing in the Grass 20 Jul (2 wks.) Listen on YouTube Hugh Masekela
55%
Judy in Disguise (With Glasses) 20 Jan (2 wks.) Listen on YouTube John Fred and His Playboy Band
52%
People Got to Be Free 17 Aug (5 wks.) Listen on YouTube The Rascals
52%
Honey 13 Apr (5 wks.) Listen on YouTube Bobby Goldsboro
48%
Love Is Blue 10 Feb (5 wks.) Listen on YouTube Paul Mauriat
45%
No matching quizzes found
Score Distribution
Percent of People with Each Score
Percentile by Number Answered
Your Score History
You have not taken this quiz